| 000 | 00777nam a22001817a 4500 | ||
|---|---|---|---|
| 999 |
_c15083 _d15083 |
||
| 003 | OSt | ||
| 082 | _2631.75807 JEE/OP | ||
| 088 | _aP 263 | ||
| 100 |
_aJEENA JOSEPH _aSARIGA S _93883 |
||
| 245 | _aOptimization of fertigation level and depth of lateral under subsurface drip irrigation for amaranthus | ||
| 260 |
_aTavanur 2013 _bDepartment of Land & Water Resources and Conservation Engineering |
||
| 300 | _a74 | ||
| 500 | _aOptimization of fertigation level and depth of lateral under subsurface drip irrigation for amaranthus | ||
| 520 | _aunder plastic mulching and work out the cost economic of the drip system for amarnath. | ||
| 700 |
_aEr. Priya G. Nair (Guide) _93444 |
||
| 856 | _uhttps://drive.google.com/open?id=1tdGaobUi6Qjwqa_75IAsbyb4ezEzTe6i | ||
| 942 | _cPR | ||